| 000 | 00940cam a2200241 4500 | ||
|---|---|---|---|
| 001 | WB3737-22 | ||
| 008 | 011002n2001 000 0 eng u | ||
| 035 | _a(Sirsi) u114957 | ||
| 245 | _aSouth West brownfield housing | ||
| 260 | _c2001 | ||
| 490 |
_aUrban Environment Today _v 27 September 2001, 7(1) |
||
| 520 | _aLatest planning guidance for the south-west has raised the target of housing expected to be built on brownfield land in the area by 6% above initial projections. 11 priority urban areas are identified where growth should be focused and where sites could provide a wider range of uses. | ||
| 590 | _aWB | ||
| 650 | _aBROWNFIELD LAND | ||
| 650 | _aSOUTH WEST ENGLAND | ||
| 650 | _aHOUSE BUILDING | ||
| 650 | _aHOUSING TARGETS | ||
| 650 | _aREGIONAL ASSEMBLIES | ||
| 650 | _aPLANNING GUIDANCE | ||
| 650 | _aPRIORITY AREAS | ||
| 690 | _aENVIRONMENTAL AND LAND CONSULTANCY-PLANNING AND DEVELOPMENT | ||
| 942 | _n0 | ||
| 999 |
_c68445 _d68445 |
||